Bau und Entwicklung der Flecten-Pycnidien und ihrer Conidien /

Bibliographic Details
Main Author: Vobis, Gernot
Format: Book
Language:German
Published: Vaduz : J. Cramer, 1980.
Series:Bibliotheca lichenologica ; Bd. 14.
Subjects:

MARC

Tag First Indicator Second Indicator Subfields
LEADER 00000cam a2200000 a 4500
001 in00000091458
005 20151008063948.0
008 801211s1980 gw af b 00010 ger d
020 |a 376821270X 
035 |a (OCoLC)07025216 
035 |9 AAK3264AM 
040 |a SMI  |c SMI  |d TXA  |d UtOrBLW 
049 |a TXAM  |c [1387424] 
090 |a QK601  |b .V87 
100 1 |a Vobis, Gernot. 
245 1 0 |a Bau und Entwicklung der Flecten-Pycnidien und ihrer Conidien /  |c von Gernot Vobis. 
264 1 |a Vaduz :  |b J. Cramer,  |c 1980. 
300 |a v, 141 pages, 48 unnumbered pages of plates :  |b illustrations ;  |c 23 cm. 
336 |a text  |b txt  |2 rdacontent 
337 |a unmediated  |b n  |2 rdamedia 
338 |a volume  |b nc  |2 rdacarrier 
490 1 |a Bibliotheca lichenologica ;  |v Bd. 14 
504 |a Bibliography: pages 114-124. 
650 0 |a Conidia. 
650 0 |a Lichens  |x Anatomy. 
830 0 |a Bibliotheca lichenologica ;  |v Bd. 14. 
999 |a MARS 
999 f f |s d83c599a-9dec-3ae9-a2db-2955c0bf7009  |i 2f3a58db-0984-3598-bb21-3587f5888269  |t 0 
952 f f |p ric  |a Texas A&M University  |b Rellis Campus  |c Joint Library Facility  |d Remote Storage  |t 0  |e QK601 .V87  |h Library of Congress classification  |i unmediated -- volume  |m A14806219094 
998 f f |a QK601 .V87  |t 0  |l Remote Storage